| 000 | 00510nam a2200181Ia 4500 | ||
|---|---|---|---|
| 005 | 20250326141409.0 | ||
| 008 | 250326s9999 xx 000 0 und d | ||
| 037 | _aTextbook | ||
| 040 |
_aFMSL _beng _cFMSL |
||
| 041 |
_aeng _2eng |
||
| 084 |
_aX:97 J9;1 _qFMSL |
||
| 100 | _aYoder D | ||
| 245 | 0 |
_aLabour economics and industrial relations _cYoder D; Heneman H G |
|
| 260 |
_aChicago _bChicago, South Western _c1959 |
||
| 300 | _a736p | ||
| 942 |
_cTB _hX:97 J9;1 |
||
| 999 |
_c1290116 _d1290116 |
||